Mohtarma Benazir Bhutto prime minister of Pakistan; (Record no. 331225)

000 -LEADER
fixed length control field 00404 a2200121 4500
001 - CONTROL NUMBER
control field 58598
003 - CONTROL NUMBER IDENTIFIER
control field NUST
005 - DATE AND TIME OF LATEST TRANSACTION
control field 20170922111816.0
008 - FIXED-LENGTH DATA ELEMENTS--GENERAL INFORMATION
fixed length control field 170922b xxu||||| |||| 00| 0 eng d
040 ## - CATALOGING SOURCE
Transcribing agency NUST
082 ## - DEWEY DECIMAL CLASSIFICATION NUMBER
Classification number 954.9105
Author Mark BHU
100 ## - MAIN ENTRY--PERSONAL NAME
Personal name Bhutto, Benazir
9 (RLIN) 4819
245 ## - TITLE STATEMENT
Title Mohtarma Benazir Bhutto prime minister of Pakistan;
Remainder of title Speeches and Statements Oct,1993-Nov,1996 Volume-II /
260 ## - PUBLICATION, DISTRIBUTION, ETC.
Place of publication, distribution, etc. Pakistan
Name of publisher, distributor, etc. Govt of Pakistan
Date of publication, distribution, etc. 2008
300 ## - PHYSICAL DESCRIPTION
Extent 387 p.
650 ## - SUBJECT ADDED ENTRY--TOPICAL TERM
Topical term or geographic name entry element Pakistan $x Politics and government
9 (RLIN) 4820
650 ## - SUBJECT ADDED ENTRY--TOPICAL TERM
Topical term or geographic name entry element History and Geography
9 (RLIN) 4821
942 ## - ADDED ENTRY ELEMENTS (KOHA)
Koha item type Book
-- Book
Source of classification or shelving scheme
Holdings
Withdrawn status Lost status Source of classification or shelving scheme Damaged status Not for loan Collection code Permanent Location Current Location Shelving location Date acquired Serial Enumeration / chronology Full call number Barcode Date last seen Copy number Price effective from Koha item type Total Checkouts
            Central Library (CL) Central Library (CL) Book Cart 09/22/2017 Vol. 1 954.9105 BHU CL2140 09/22/2017 2 09/22/2017 Book  
            NUST Law School (NLS) NUST Law School (NLS) Book Cart 09/22/2017 Vol. 2 954.9105 BHU CL2121 09/22/2017 1 09/22/2017 Book  
© 2023 Central Library, National University of Sciences and Technology. All Rights Reserved.